000 00193nam a2200073Ia 4500
008 170817s9999 xx 000 0 und d
100 _aSatsangi. G.P
245 0 _aSamaajik Adhyayan Shikshaan
260 _bAgarwal Prakashan Agara
999 _c39370
_d39370